000 00396nam a22001337a 4500
040 _cNUST
082 _a200 THE
100 _aMuhammad Faheem Khan
_999745
110 _aSupervisor Dr. Zafar Abbas Bangash
_999735
245 _aTH-SOF-2081-Investigation of Spanwise tip Blowing in Rotating Wings
260 _aISLAMABAD:
_bNUST COLLEGE OF EME,
_c2022.
650 _aMS-MECH-18
942 _2ddc
_cTHE
999 _c591641
_d591641